000 00395nam a22001697a 4500
005 20251108170651.0
008 250721s1995 xx 000 0 eng d
082 1 4 _a796.812/GLE
100 1 _aGleeson, Geof
245 1 0 _aJudo /
264 1 _aLondon :
_bA & black publishers Ltd,
_c1995.
300 _a48p
490 0 _aKnow the game
650 1 7 _aJodo
942 _2ddc
_cBK
999 _c46117
_d46117